Catálogo
 En Linea

Catálogo de la provincia antillense de la compañía de Jesús. (Registro nro. 35539)

Detalles MARC
000 -CABECERA
campo de control de longitud fija 00363nam a2200121 a 4500
001 - NÚMERO DE CONTROL
campo de control 000036048
005 - FECHA Y HORA DE LA ÚLTIMA TRANSACCIÓN
campo de control 20200930074830.0
008 - DATOS DE LONGITUD FIJA--INFORMACIÓN GENERAL
campo de control de longitud fija 111124s2003 dr 000 0 spa d
040 ## - FUENTE DE LA CATALOGACIÓN
Centro catalogador/agencia de origen DO-SdBNP
Lengua de catalogación spa
Centro/agencia transcriptor BNPHU
245 00 - MENCIÓN DE TÍTULO
Título Catálogo de la provincia antillense de la compañía de Jesús.
260 ## - PUBLICACIÓN, DISTRIBUCIÓN, ETC.
Lugar de publicación, distribución, etc. Santo Domingo :
Nombre del editor, distribuidor, etc. Búho,
Fecha de publicación, distribución, etc. 2003.
300 ## - DESCRIPCIÓN FÍSICA
Extensión 70 p. :
Otras características físicas il. ;
Dimensiones 22 cm.
Existencias
Estado de retiro Estado de pérdida Restricciones de uso No para préstamo Localización permanente Ubicación/localización actual Ubicación en estantería Fecha de adquisición Número de inventario Total de préstamos Signatura topográfica completa Código de barras Fecha visto por última vez Precio válido a partir de Tipo de ítem Koha Número de copia
        Patrimonio Dominicano Patrimonio Dominicano Depósito 03.06.2013 LF1   36048-10 25.06.2020 25.06.2020 Préstamo en sala  
      Préstamo restrigido Patrimonio Dominicano Patrimonio Dominicano Depósito 07.06.2013 LF1   36048-20 25.06.2020 25.06.2020 Préstamo en sala e. 2

Con tecnología Koha